Guess the UFC fighter - Statistics

General Stats
  • This quiz has been taken 233 times
  • The average score is 12 of 16
Answer Stats
Picture Answer % Correct
Alex Pereira
95%
Jon Jones
91%
Max Holloway
90%
Tom Aspinall
88%
Charles Oliveira
86%
Sean Strickland
86%
Alexander Volkanovski
85%
Nick Diaz
85%
Belal Muhammad
84%
Dustin Poirier
84%
Ilia Topuria
83%
Magomed Ankalaev
76%
Marlon Vera
67%
Mateusz Gamrot
51%
Payton Talbott
51%
Nassourdine Imavov
39%
No matching quizzes found
Score Distribution
Percent of People with Each Score
Percentile by Number Answered
Your Score History
You have not taken this quiz